Images That Start with 'I' Quiz Stats

 Plays Quiz Updated Nov 8, 2018

Challenge
Share
Tweet
Score 0/20 Timer 04:00
4 Plays Today
% Correct
igloo
99.1%
iguana
95.7%
island
93.9%
intestines
93.3%
icing
91.4%
ink
89.3%
icicle
89.1%
iceberg
88.1%
infant
88.1%
ivy
82.8%
% Correct
India
82.8%
irons
82.4%
incense
80.6%
ivory
77.8%
insulation
77.7%
Illinois
75.1%
irises
66.6%
inchworm
64.3%
ibis
37.8%
ibex
37.2%

You're not logged in!

Compare scores with friends on all Sporcle quizzes.
OR
Log In

You Might Also Like...

Show Comments

Extras

Top Quizzes Today


Score Distribution

Your Account Isn't Verified!

In order to create a playlist on Sporcle, you need to verify the email address you used during registration. Go to your Sporcle Settings to finish the process.

Report this User

Report this user for behavior that violates our Community Guidelines.

Details: